Madonna - Vogue lyrics - Statistics

General Stats
  • This quiz has been taken 245 times
  • The average score is 249 of 352
Answer Stats
Answer % Correct
a
97%
The
95%
the
95%
Vogue
94%
vogue
94%
I
93%
i
93%
to
93%
you
93%
You
93%
on
90%
On
90%
go
89%
Go
89%
be
88%
music
88%
your
88%
Your
88%
body
86%
an
85%
it
85%
It
85%
Let
85%
move
85%
Come
84%
do
84%
and
83%
of
81%
with
81%
no
80%
pose
80%
Strike
80%
dance
78%
get
78%
we
78%
that
77%
can
75%
flow
75%
in
75%
Not
74%
what
74%
are
72%
love
72%
magazine
72%
where
72%
cover
71%
Hey
71%
Look
71%
it's
70%
It's
70%
so
70%
So
70%
They
70%
they
70%
Grace
69%
grace
69%
just
68%
there
67%
beauty
66%
Don't
66%
floor
66%
had
66%
Kelly
66%
know
66%
around
64%
for
64%
is
64%
Dean
63%
if
63%
If
63%
Monroe
63%
style
63%
Bette
61%
Fred
61%
girl
61%
groove
61%
Jimmy
61%
nothing
61%
that's
61%
That's
61%
boy
60%
everywhere
60%
face
60%
or
60%
you're
60%
You're
60%
DiMaggio
59%
Astaire
58%
Davis
58%
gave
58%
good
58%
air
57%
all
57%
All
57%
Garbo
57%
got
57%
Greta
57%
queen
57%
there's
57%
attitude
56%
Dietrich
56%
Ginger
56%
Rita
56%
black
55%
let's
55%
life
55%
When
55%
white
55%
yes
55%
Jean
54%
Rodgers
53%
Brando
52%
Picture
52%
place
52%
stand
52%
were
52%
Marlon
51%
mood
51%
need
51%
superstar
51%
try
51%
up
51%
Hayworth
50%
imagination
49%
too
49%
Harlow
48%
Ladies
48%
You've
48%
you've
48%
escape
47%
find
47%
turn
47%
call
45%
Gene
45%
away
44%
feel
44%
Oh
44%
everything
43%
makes
43%
own
43%
use
43%
will
43%
give
42%
difference
41%
heartache
41%
than
41%
beautiful
39%
Lana
39%
music's
39%
today
39%
here's
38%
Katherine
38%
Magical
37%
grind
36%
Lauren
36%
long
36%
Something
36%
better
35%
new
35%
pain
35%
bump
34%
door
34%
pumping
34%
open
33%
Beauty's
30%
fails
30%
inspiration
30%
else
29%
Fellows
29%
dreams
25%
inside
24%
ball
21%
life's
21%
musical
20%
Soul
14%
finest
11%
No matching quizzes found
Score Distribution
Percent of People with Each Score
Percentile by Number Answered
Your Score History
You have not taken this quiz